| 000 | 00981cam a2200313 i 4500 | ||
|---|---|---|---|
| 001 | 4652925 | ||
| 003 | SISC | ||
| 005 | 20160304134515.0 | ||
| 008 | 800102s1979 enk b 000 0 eng | ||
| 010 | _a 79321722 | ||
| 015 | _aGB*** | ||
| 020 | _a0-671-53140-9 | ||
| 040 |
_aDLC _cDLC _dDLC |
||
| 050 | 0 | 0 |
_aPR 2827.A2 _b.Sh527 1958 |
| 100 | 1 |
_aShakespeare, William, _d1564-1616. _913077 |
|
| 245 | 1 | 2 |
_aA midsummer night's dream / _c[William Shakespeare] ; edited by Harold F. Brooks. |
| 260 |
_aNew York : _bSimon & Schuster, Inc, _cc1958. |
||
| 300 |
_acxliii, 164 p. : _c23 cm. |
||
| 490 | 0 | _aThe Arden Shakespeare | |
| 504 | _aBibliography: p. xiii-xx. | ||
| 650 | 0 |
_aCourtship _xDrama. _913078 |
|
| 651 | 0 |
_aAthens (Greece) _xDrama. _913079 |
|
| 655 | 7 |
_aFairy plays. _2lcsh _912717 |
|
| 655 | 7 |
_aComedies. _2gsafd _97774 |
|
| 700 | 1 |
_aBrooks, Harold Fletcher. _913080 |
|
| 906 |
_a7 _bcbc _corignew _d4 _encip _f19 _gy-gencatlg |
||
| 942 |
_2lcc _cBK |
||
| 999 |
_c115508 _d115508 |
||